Le metier de musicien au temps des pharaons : Augmentee par une etude sur "Le chanteur aveugle" /

محفوظ في:

المؤلف الرئيسي: Hickmann, Hans 1908-1968.

التنسيق: كتاب

اللغة: French

منشور في: Le Caire, [1954]

الطبعة: 2 editions, rev..

الموضوعات:

الوسوم: إضافة وسم

لا توجد وسوم, كن أول من يضع وسما على هذه التسجيلة!

رقم الطلب: ML164 .H64

LEADER 00712cam a2200217Mi 4500
001 ocn985527224
003 OCoLC
005 20240128131232.0
008 070621s1954 xx a 000 0 fre d
050 4 |a ML164  |b .H64 
100 1 |a Hickmann, Hans  |d 1908-1968. 
245 1 3 |a Le metier de musicien au temps des pharaons :  |b Augmentee par une etude sur "Le chanteur aveugle" /  |c par Hans Hickmann. 
250 |a 2 editions, rev.. 
264 1 |a Le Caire,  |c [1954] 
300 |a 333 pages :  |b Illustrationen ;  |c 24 cm 
336 |a Text  |b txt  |2 rdacontent 
337 |a ohne Hilfsmittel zu benutzen  |b n  |2 rdamedia 
338 |a Band  |b nc  |2 rdacarrier 
650 0 |a Musical instruments  |z Egypt 
650 0 |a Music  |z Egypt 
999 |c 55662  |d 55662